000 00784cam a2200253 a 4500
001 000010058
005 20250129102228.0
008 840921m1987 sp b 000 f spa
020 _a8401321239 (v. 1)
040 _aDO-SdBNP
_cDLC
_dDLC
082 _a863.64
_bV393ó, 1987
100 1 _aVázquez-Figueroa, Alberto.
_d1936-
_921403
245 1 0 _aOcéano, libro primero :
_bisla de lobos /
_cAlberto Vázquez-Figueroa.
250 _a8a ed.
260 _aBarcelona :
_bPlaza & Janes,
_c1987.
300 _a268 p. :
_bil., mapas ;
_c22 cm.
490 1 _aP y J exitos
650 4 _aNovela española
_91123
650 4 _aNovela de aventuras
_921693
650 4 _aLiteratura española
_9632
830 0 _aP y J exitos.
_925035
910 _aCatalogación por copia / LC
049 _aBNGR
999 _c9817
_d9817